[Event "Torquay op 50th"]
[Site "Torquay"]
[Date "2016.11.13"]
[Round "4"]
[White "Bennett, Dominic"]
[Black "Rosen, Daniel B"]
[Result "0-1"]
[WhiteElo "1944"]
[BlackElo "2030"]
[PlyCount "63"]
[EventDate "2016.11.10"]
[EventType "swiss"]
[EventRounds "5"]
[EventCountry "ENG"]
[SourceTitle "EXT 2022"]
[Source "ChessBase"]
[SourceDate "2021.10.06"]
[SourceVersion "1"]
[SourceVersionDate "2021.10.06"]
[SourceQuality "1"]

1. e4 d6 2. d4 g6 3. Bc4 Nf6 4. Qe2 Nc6 5. c3 Bg7 6. Nf3 0-0 7. 0-0 Bg4 8. Nbd2 e5 9. dxe5 Nxe5 10. h3 Nxc4 11. hxg4 Nxd2 12. Nxd2 Re8 13. g5 Nd7 14. Qg4 Nc5 15. Rd1 Qe7 16. f3 d5 17. Nf1 dxe4 18. f4 Nd3 19. Rb1 h6 20. Be3 hxg5 21. fxg5 Rad8 22. Qh4 f5 23. gxf6 Bxf6 24. Qg4 Kf7 25. Nh2 Rh8 26. Rf1 Kg7 27. Qe2 Be5 28. Ng4 Qh4 29. Rf7+ Kxf7 30. Nxe5+ Nxe5 31. Qf2+ Nf3+ 32. Qxf3+ 0-1